Alter Ego A2: Methode de Francais

Gespeichert in:
Bibliographische Detailangaben
Hauptverfasser: Berthet, Annie, Hugot, Catherine (Verfasst von), Kizirian, Veronique M (Verfasst von), Sampsonis, Beatrix (Verfasst von), Waendendries, Monique (Verfasst von)
Format: Buch
Sprache:Französisch
Veröffentlicht: Paris Hachette 2006
Online-Zugang:Im OPAC anzeigen
Tags: Tag hinzufügen
Keine Tags, Fügen Sie das erste Tag hinzu!

MARC

LEADER 00000nam a2200000 a 4500
005 20260127133936.0
008 141126 2006 000 0 fre d
020 |a 9782011554420 
035 |a vtls010638612 
039 9 |a 201411261013  |b mschk03  |y 201411260902  |z mschk03 
040 |a STUSCHK1  |b slo  |c STUSCHK1  |e AACR2 
100 1 |a Berthet, Annie 
245 1 |a Alter Ego  |b A2: Methode de Francais  |c Annie Berthet, Catherine Hugot, Véronique Kizirian, Béatrix Sampsonis, Monique Waendendries 
260 |a Paris  |b Hachette  |c 2006 
300 |a 192 s.  |i l.  |c 28,5 cm  |e 1 CD 
700 1 |a Hugot, Catherine  |4 aut 
700 1 |a Kizirian, Veronique M  |4 aut 
700 1 |a Sampsonis, Beatrix  |4 aut 
700 1 |a Waendendries, Monique  |4 aut 
910 |a SCHK95 
919 |a 978-2-01-155442-0 
999 |c 522  |d 522